Το πράσινο σύννεφο (ο τελευταίος άνθρωπος που έμεινε ζωντανός) : μια ιστορία για παιδιά από εφτά μέχρι εβδομήντα εφτά χρονών
Saved in:
| Main Author: | |
|---|---|
| Format: | Book |
| Language: | Greek English |
| Published: |
Αθήνα :
Μπουκουμάνης,
1976.
|
| Subjects: | |
| Tags: |
Add Tag
No Tags, Be the first to tag this record!
|
MARC
| LEADER | 00000cam a2200000 i 4500 | ||
|---|---|---|---|
| 001 | 1/21470 | ||
| 008 | 960711s1976 gr | ||| |||| ||gre|| | ||
| 035 | |a 1986 |c Αγορά |l 10036311 | ||
| 040 | |a GR-MyUA |b gre |e AACR2 | ||
| 041 | 1 | |a gre |h eng | |
| 082 | 0 | |a 371.04 | |
| 100 | 1 | |a Neill, Alexander Sutherland, |d 1883-1973. | |
| 245 | 1 | 3 | |a Το πράσινο σύννεφο (ο τελευταίος άνθρωπος που έμεινε ζωντανός) : |b μια ιστορία για παιδιά από εφτά μέχρι εβδομήντα εφτά χρονών / |c A.S.Neill ; εικονογράφηση Sonia Arakistein. |
| 260 | |a Αθήνα : |b Μπουκουμάνης, |c 1976. | ||
| 300 | |a 238 σ. | ||
| 500 | |a Τίτλος πρωτοτύπου: The last man alive. | ||
| 650 | 0 | 0 | |a Children's literature, English. |
| 650 | 0 | 0 | |a Free schools |z Great Britain. |
| 650 | 0 | 0 | |a Education of children. |
| 650 | 0 | 0 | |a Student government. |
| 852 | |a INST |b RHODES |e 19960711 |h 371.04 NEI |p 005400004212 |q 005400004212 |t BK |y 0 | ||
| 909 | |a Ρ |b 005001 | ||